Movies Quiz

Random Movies or Quote Quiz

Movie Quotes II Quiz Stats

 Plays Quiz Updated Jul 10, 2017

     
Support Sporcle.
Go Orange.
Score 0/15 Timer 04:00
5 Plays Today
Quote Movie Title % Correct
I see dead people.The Sixth Sense
92.4%
You're gonna need a bigger boat.Jaws
73.2%
Frankly, my dear, I don't give a damn!Gone With the Wind
66.6%
Here's looking at you, kid.Casablanca
63.6%
You talkin' to me? You talkin' to me?Taxi Driver
53.8%
That's a negative Ghost Rider, the pattern is full.Top Gun
36.6%
I coulda been a contender. I could've been somebody, instead of a bum.On the Waterfront
31.3%
If someone asks if you are a god, you say, 'yes!'Ghostbusters
29.8%
Quote Movie Title % Correct
Just what do you think you're doing, Dave?2001: A Space Odyssey
27%
I'm as mad as hell, and I'm not going to take this anymore!Network
25.2%
If I'm not back in five minutes... just wait longer!Ace Ventura: Pet Detective
25.1%
Game over, man. Game over!Aliens
18.9%
Oh, he was a little guy... Kinda funny lookin'.Fargo
16.8%
Second prize is a set of steak knives. Third prize is you're fired.Glengarry Glen Ross
15.2%
Laugh and the world laughs with you. Sneeze, and it's GOODBYE, Seattle!Roxanne
10.1%

From the Vault

Underwhelmed Tourists III

by ddavey1983

Geography 10m
Some people are just hard to impress.
Remove Ads.
Support Sporcle.
Get the best of Sporcle when you Go Orange. This ad-free experience offers more features, more stats, and more fun while also helping to support Sporcle. Thank you for becoming a member.

Show Comments

Extras

Top Quizzes Today


Score Distribution

Your Account Isn't Verified!

In order to create a playlist on Sporcle, you need to verify the email address you used during registration. Go to your Sporcle Settings to finish the process.

Report this User

Report this user for behavior that violates our Community Guidelines.

Details: